Normal view
MARC view
- [S.l.]
Entry Topical Term
001 - CONTROL NUMBER
- control field: 52877
003 - CONTROL NUMBER IDENTIFIER
- control field: NUST
005 - DATE AND TIME OF LATEST TRANSACTION
- control field: 20210421115522.0
008 - FIXED-LENGTH DATA ELEMENTS
- fixed length control field: 210421|| aca||aabn | a|a d
040 ## - CATALOGING SOURCE
- Original cataloging agency: NUST
- Transcribing agency: NUST
150 ## - HEADING--TOPICAL TERM
- Topical term or geographic name entry element: [S.l.]
670 ## - SOURCE DATA FOUND
- Source citation: Work cat.: (NUST): 662.2 M6121 E 52876, Meyer, Rudolf., Wiley-VCH
